000 01544cam a2200133 4500500
005 20260405032125.0
041 _afre
042 _adc
100 1 0 _aMarchal, Bertrand
_eauthor
245 0 0 _aLe symbolisme
260 _bArmand Colin,
_c2011.
520 _aQu’est-ce que le symbolisme ? Un mouvement autoproclamé rassemblant des œuvres – celles des symbolistes de stricte observance – qui ne peuvent guère susciter qu’une curiosité historique, et qu’à tort ou à raison on ne lit plus ? Un phénomène nébuleux allant de Baudelaire, Mallarmé, Verlaine, Rimbaud à Claudel, Gide et Valéry ? S’il est difficile de cerner les contours du mouvement romantique, prendre pour objet le symbolisme peut sembler une gageure. Les symbolistes présumés adoraient les mots vagues, et le mot le plus vague qu’ils nous aient laissé est sans doute celui de symbolisme. Il suffit de feuilleter quelques manuels d’histoire littéraire pour constater qu’on ne s’entend guère, entre spécialistes, sur ses limites, et sa nature même. C’est donc ce double défi que relève cet ouvrage tout en s’attachant à éclairer l’origine de notre lecture, celle qui, à partir d’une conscience nouvelle de la poésie et de son langage, a déchiré le voile de la représentation et révélé les failles du sujet. Bertrand MARCHAL, professeur de littérature française à la Sorbonne, est spécialiste de Mallarmé.
856 4 1 _uhttps://shs.cairn.info/le-symbolisme--9782200270049?lang=fr&redirect-ssocas=7080
999 _c2152415
_d2152415